00431nam a2200181Ia 4500003000400000005001700004008004000021020001500061040000700076041000800083082001500091100001800106245005700124250000600181260003200187300001100219700001900230OSt20250829101407.0210210b2008 xxu||||| |||| 00| 0 eng d a8175543361 cAL aeng a070.1 BLAE aMichael Bland aEffective media relationsb: how to get results Ed 3 a3 aNew DelhibKogan Pagec2008 ax,150p aTheaker Alison